| 000 | 00610 a2200193 4500 | ||
|---|---|---|---|
| 001 | 62139 | ||
| 005 | 20260407155915.0 | ||
| 008 | 260407a arg spa d | ||
| 003 | AR-UNSa-BCEJYS | ||
| 040 |
_aAR-UNSa-BCEJYS _bspa _cAR-UNSa-BCEJYS |
||
| 080 |
_a352(460) _xAdministración Municipal y Local de España |
||
| 245 | 1 | 0 | _aOrdenanzas y reglamentos municipales en el derecho español |
| 020 | _a978-84-7088-221-0 | ||
| 264 | 1 |
_aMadrid : _bInstituto de Estudios de Administración Local |
|
| 041 | _aspa | ||
| 942 | _cBK | ||
| 590 | _aniveau_biblio:m niveau_hierar:0 | ||
| 100 | 1 | _aEmbid Irujo, Antonio | |
| 999 |
_c7582 _d7582 |
||